| 000 | 00513nam a2200205Ia 4500 | ||
|---|---|---|---|
| 008 | 170918s9999 xx 000 0 und d | ||
| 020 | _a9789810728212 | ||
| 050 | _bK928 2012 | ||
| 100 | _aKrishnaswami, Uma | ||
| 245 | _aBook uncle and me / | ||
| 245 | _cby Uma Krishnaswami. | ||
| 250 | _aFirst edition | ||
| 260 | _aNew York : | ||
| 260 | _bScholastic, | ||
| 260 | _c2012 | ||
| 300 | _a103 pages : | ||
| 300 | _billustrations ; | ||
| 300 | _c18cm. | ||
| 300 | _eScholastic asian book award winner. | ||
| 999 |
_c344002 _d344002 |
||